Les pays avec du bleu sur leur drapeau- Mort subite - Statistiques

Statistiques générales
  • Ce quiz a été pris 248 fois
  • Le résultat moyen est 9 sur 15
Answers on the Grid
Answers color-coded by a green-red scale on the quiz's grid according to % correct below.
Argentine
Guatemala
Finlande
Cambodge
Belize
Norvège
Saint-Marin
Slovaquie
Jamaïque
France
Cap-Vert
Libéria
Somalie
Micronésie
Samoa
Sainte-Lucie
Turquie
Tunisie
Italie
Belgique
Benin
Bhoutan
Brunei
Burkina Faso
Bulgarie
Autriche
Lettonie
Côte d'Ivoire
Pérou
Qatar
 
Statistiques - réponses
Réponse % Correct
France
85%
Finlande
80%
Argentine
78%
Saint-Marin
76%
Norvège
73%
Slovaquie
70%
Sainte-Lucie
59%
Guatemala
58%
Somalie
58%
Micronésie
51%
Belize
50%
Cap-Vert
50%
Libéria
50%
Samoa
50%
Cambodge
44%
Aucun quiz correspondant
Distribution des résultats
% des personnes avec chaque résultat
Percentile par nombre de réponses
Votre historique - résultats
Vous n’avez pas pris ce quiz